|
|
|
|
| LEADER |
00000nam0a2200000 4500 |
| 001 |
303365 |
| 005 |
20231102001609.0 |
| 035 |
|
|
|a (RuTPU)RU\TPU\book\328588
|
| 090 |
|
|
|a 303365
|
| 100 |
|
|
|a 20150902d1983 km y0rusy50 ca
|
| 101 |
0 |
|
|a rus
|
| 102 |
|
|
|a UA
|
| 105 |
|
|
|a a z 001zy
|
| 200 |
1 |
|
|a Охрана труда при производстве антикоррозионных работ
|f О. А. Звездин, Г. П. Черников
|
| 210 |
|
|
|a Киев
|c Будiвельник
|d 1983
|
| 215 |
|
|
|a 128 с.
|c ил.
|
| 320 |
|
|
|a Библиогр.: с. 127-128
|
| 606 |
1 |
|
|a Антикоррозийные работы
|2 stltpush
|3 (RuTPU)RU\TPU\subj\29214
|9 52598
|
| 610 |
1 |
|
|a техника безопасности
|
| 610 |
1 |
|
|a охрана труда
|
| 610 |
1 |
|
|a производственная санитария
|
| 610 |
1 |
|
|a требования
|
| 610 |
1 |
|
|a пожарная профилактика
|
| 610 |
1 |
|
|a складирование
|
| 610 |
1 |
|
|a строительные площадки
|
| 675 |
|
|
|a 620.197
|v 4
|
| 700 |
|
1 |
|a Звездин
|b О. А.
|g Олег Александрович
|
| 701 |
|
1 |
|a Черников
|b Г. П.
|g Георгий Петрович
|
| 801 |
|
1 |
|a RU
|b 63413507
|c 20150902
|
| 801 |
|
2 |
|a RU
|b 63413507
|c 20190417
|g RCR
|
| 942 |
|
|
|c BK
|